000
00256 a2200109 4500
020
_a
9780590465663
041
_a
spa
100
_a
Viorst, Judith
245
_a
Alexander y El Dia Terrible: Horrible, Espantoso, Horroroso
942
_c
BK
952
_7
4
_x
okay
999
_c
25987
_d
25987